Modelovanie distribúcie použitých produktov a odpadu diplomová práca

Enregistré dans:
Détails bibliographiques
Auteur principal: Bertóková, Viera
Collectivité auteur: Fakulta hospodárskej informatiky EU. Katedra operačného výskumu a ekonometrie
Autres auteurs: Gežík, Pavel, 1983-
Format: Livre
Langue:slovaque
Publié: Bratislava 2012
Tags: Ajouter un tag
Pas de tags, Soyez le premier à ajouter un tag!

MARC

LEADER 00000nbm a2200000 4500
001 0154670
005 20161109102136.3
041 0 |a slo 
044 |a SK 
245 1 0 |a Modelovanie distribúcie použitých produktov a odpadu  |b diplomová práca  |c Viera Bertóková ; školiteľ: Pavel Gežík 
264 1 |a Bratislava  |c 2012 
300 |a 78 s. 
100 1 |a Bertóková, Viera 
700 1 |a Gežík, Pavel, 1983- 
710 2 |a Fakulta hospodárskej informatiky EU. Katedra operačného výskumu a ekonometrie